18 jeux vidéos développés dans 18 pays en images - Statistiques

Statistiques générales
  • Ce quiz a été pris 758 fois
    723 depuis la dernière actualisation
  • Le résultat moyen est 10 sur 18
Statistiques - réponses
Par images Hint Réponse % Correct
Suède Minecraft
96%
États-Unis The Last of Us Part I
88%
Finlande Angry Birds
86%
Pologne The Witcher 3
80%
Suisse Farming Simulator 22
71%
Italie 2048
69%
France Clair Obscur: Expedition 33
67%
Chine Genshin Impact
63%
Japon Dark Souls III
53%
Australie Hollow Knight: Silksong
52%
Royaume-Uni Overcooked
47%
Canada Celeste
42%
Belgique Baldur's Gate III
40%
Corée du Sud Lies of P
30%
Mexique Kerbal Space Program
25%
Allemagne Anno 2070
19%
Espagne Gris
19%
Afrique du Sud Broforce
11%
Aucun quiz correspondant
Distribution des résultats
% des personnes avec chaque résultat
Percentile par nombre de réponses
Votre historique - résultats
Vous n’avez pas pris ce quiz depuis la dernière actualisation